Friends Quotes - Statistics

General Stats
  • This quiz has been taken 103 times
  • The average score is 28 of 30
Answer Stats
Hint Answer % Correct
“We were on a break!” Ross
100%
"I make jokes when I’m uncomfortable.” Chandler
99%
"I’m not great at the advice. Can I interest you in a sarcastic comment?” Chandler
99%
“Joey doesn’t share food!” Joey
99%
“What’s not to like? Custard: good. Jam: good. Meat: good!” Joey
99%
“Could I be wearing any more clothes?” Joey
99%
"I Know!" Monica
98%
"Welcome to the real world. It sucks. You're gonna love it." Monica
98%
“See? He’s her lobster.” Phoebe
98%
“They don’t know that we know they know we know.” Phoebe
98%
“Well, maybe I don’t need your money. Wait, wait, I said maybe!” Rachel
98%
“I got off the plane.” Rachel
98%
“Pivot!” Ross
98%
“And I have to live with a boy!” Monica
97%
"Oh I'm sorry. Did my back hurt your knife?" Rachel
97%
"No uterus, no opinion." Rachel
96%
“How you doin'?” Joey
94%
“You can’t just give up. Is that what a dinosaur would do?" Joey
93%
"She's my friend and she needed help. If I had to, I'd pee on any one of you!" Joey
93%
“I wish I could, but I don’t want to.” Phoebe
93%
"I’m sorry, it was a one-time thing. I was very drunk, and it was someone else’s subconscious." Chandler
92%
"I’ve got this uncontrollable need to please people." Monica
92%
“Come on, Ross, you’re a paleontologist. Dig a little deeper.” Phoebe
92%
“I don’t even have a ‘pla.’ ” Phoebe
92%
“Oh. My. God.” Janice
91%
"I say more dumb things before 9 a.m. than most people say all day." Chandler
90%
"You don’t own a TV? What’s all your furniture pointed at?" Joey
90%
"Now, I need you to be careful and efficient. And remember, if I am harsh with you, it is only because you're doing it wrong." Monica
90%
"So it seems like this Internet thing's here to stay." Chandler
83%
"You’re a strange kind of grown-up." Mike
46%
No matching quizzes found
Score Distribution
Percent of People with Each Score
Percentile by Number Answered
Your Score History
You have not taken this quiz